Normal view
MARC view
- Rodríguez Castro, Federico
Entry Nombre Personal
001 - NUMERO DE CONTROL
- campo de control: 48769
003 - IDENTIFICADOR DE NUMERO DE CONTROL
- campo de control: UPN
005 - FECHA Y HORA DE LA ÜLTIMA TRANSACCIÓN
- campo de control: 20240924101548.0
008 - DATOS DE LONGITUD FIJA
- campo de control de longitud fija: 230502|| aca||aabn a a|a d
040 ## - FUENTE DE CATALOGACIÓN
- Agencia original de catalogación: MX-MxUPN
- Lenguaje de catalogación: spa
- Agencia de transcripción: MX-MxUPN
100 1# - ENCABEZAMIENTO - NOMBRE PERSONAL
- Nombre personal: Rodríguez Castro, Federico
400 1# - VEÁSE - NOMBRE DE PERSONA
- Personal name: Rodríguez, Federico
670 ## - FUENTE EN LA QUE SE LOCALIZARON DATOS
- Cita de la fuente: Semilla de palabras, 2014:
- Información localizada: página 4 (Federico Rodríguez Castro)
670 ## - FUENTE EN LA QUE SE LOCALIZARON DATOS
- Cita de la fuente: Ajngáa me' phaa : lengua tlapaneca, Guerrero : segundo grado : libro de lecturas, 1994:
- Información localizada: página legal (Federico Rodríguez)
902 ## - CATALOGADOR
- Catalogador: NDAF/160523
